| 000 | 00571nam a2200169 i 4500 | ||
|---|---|---|---|
| 001 | 84668 | ||
| 003 | ES-MaACL | ||
| 005 | 20230906175049.0 | ||
| 007 | t| | ||
| 008 | 041123s1973 sp ||||1| spa d | ||
| 100 | 1 |
_aJiménez Herrero, Fernando. _966538 |
|
| 245 | 1 | 0 |
_aCriterios de normalidad en Geriatría / _cFernando Jiménez Herrero ; contestación Valentín Matilla Gómez. |
| 260 |
_aLa Coruña : _bAcademia de Medicina y Cirugía, _c[1973] |
||
| 300 |
_a76 p. ; _c24 cm. |
||
| 700 | 1 |
_aValentín Gómez, Valentín. _9112612 |
|
| 852 |
_aES-MaACL _jC-52316 _bR.85807 |
||
| 999 |
_c84668 _d84668 |
||